Formar niños productores de textos

Sábháilte in:
Sonraí bibleagrafaíochta
Príomhchruthaitheoir: Jolibert, Josette (Údar)
Údar corparáideach: Grupo de Investigación de Ecouen (Údar)
Formáid: LEABHAR
Teanga:Spáinnis
Foilsithe / Cruthaithe: Santiago Comunicaciones Noreste Ltda. 2003
Eagrán:9a. ed
Ábhair:
Clibeanna: Cuir clib leis
Níl clibeanna ann, Bí ar an gcéad duine le clib a chur leis an taifead seo!

MARC

LEADER 00000cam a2200000 a 4500
001 UCC1305
003 CL-VaPUC
008 171020e20030000cl |||||||||||||||||spa|d
020 |a 9567802599 
082 0 4 |a 372.41  |b JOL  |2 21 
100 0 |a Jolibert, Josette  |e author  |9 233 
110 2 |a Grupo de Investigación de Ecouen  |e author  |9 595373 
245 1 0 |a Formar niños productores de textos 
250 |a 9a. ed 
300 |a 233 p 
942 |c BK 
945 |d 20171020 15:16:00  |a dcastane 
260 |a Santiago  |b Comunicaciones Noreste Ltda.  |c 2003 
650 0 |a Métodos de enseñanza  |9 270413 
650 0 |a Comprensión de lectura  |9 307588 
650 0 |a Planificación del currículo  |9 269599 
650 7 |a ELABORACION DE TEXTOS  |2 CL-VaPUC  |9 466587 
583 |a last modification  |c 20171020 15:16:00  |k Rodrigo Vera 
999 |c 369855  |d 369853 
952 |0 0  |1 0  |3 erb  |4 0  |6 372_410000000000000_JOL_2003  |7 0  |8 R  |9 486000  |a BIBEDU  |b BIBEDU  |c MCIRC  |i 4016904  |o 372.41 JOL 2003  |p 4016904  |r 2023-01-13  |w 2019-11-24  |y BK_R  |z Catalogado en:20171020  |k BME